[Event "HUN-ch U16"]
[Site "Budapest"]
[Date "2010.06.30"]
[Round "5"]
[White "Ban, Daniel Peter"]
[Black "Smideliusz, Mark"]
[Result "1-0"]
[WhiteElo "1940"]
[BlackElo "1945"]
[PlyCount "89"]
[EventDate "2010.06.26"]
[EventType "swiss"]
[EventRounds "9"]
[EventCountry "HUN"]
[SourceTitle "CBM 137 Extra"]
[Source "ChessBase"]
[SourceDate "2010.09.01"]
[SourceVersion "1"]
[SourceVersionDate "2010.09.01"]
[SourceQuality "1"]

1. e4 e5 2. Nf3 Nc6 3. Bb5 a6 4. Ba4 Nf6 5. 0-0 b5 6. Bb3 Bc5 7. c3 d6 8. d4 Bb6 9. Re1 0-0 10. a4 Rb8 11. axb5 axb5 12. h3 h6 13. Qd3 Bd7 14. Nbd2 Re8 15. Nf1 Nh5 16. Be3 Qf6 17. dxe5 Nxe5 18. Nxe5 Qxe5 19. Bd4 Qg5 20. Qf3 Be6 21. Bxe6 Rxe6 22. Bxb6 cxb6 23. Qg4 Qe5 24. Nd2 Rg6 25. Nf3 Rxg4 26. Nxe5 Rg5 27. Nd3 Nf6 28. f4 Rg3 29. Rad1 h5 30. Kf2 h4 31. Nb4 Re8 32. e5 dxe5 33. fxe5 Nh5 34. Rd4 g5 35. Nd5 Kg7 36. Nf6 Rh8 37. Ne4 g4 38. Nxg3 hxg3+ 39. Kg1 gxh3 40. gxh3 Kg6 41. Rf1 Re8 42. Rg4+ Kh6 43. Rf5 Ra8 44. Rh4 Ra1+ 45. Kg2 1-0

[Event "HUN-chT2 Maroczy 0910"]
[Site "Hungary"]
[Date "2010.04.18"]
[Round "10"]
[White "Biro, Istvan"]
[Black "Ban, Daniel Peter"]
[Result "0-1"]
[WhiteElo "1805"]
[BlackElo "1885"]
[PlyCount "44"]
[EventDate "2009.11.08"]
[EventType "team-tourn"]
[EventRounds "11"]
[EventCountry "HUN"]
[SourceTitle "EXT 2011"]
[Source "ChessBase"]
[SourceDate "2010.11.26"]
[SourceVersion "1"]
[SourceVersionDate "2010.11.26"]
[SourceQuality "1"]
[WhiteTeam "Oroshaza"]
[BlackTeam "Nyiregyhaza"]
[WhiteTeamCountry "HUN"]
[BlackTeamCountry "HUN"]

1. e4 c5 2. Nf3 d6 3. d4 cxd4 4. Nxd4 Nf6 5. Nc3 g6 6. Be3 Bg7 7. f3 0-0 8. Qd2 Nc6 9. 0-0-0 d5 10. exd5 Nxd5 11. Nxc6 bxc6 12. Nxd5 cxd5 13. Qxd5 Qc7 14. Qc5 Qb7 15. Bd4 Bf5 16. Bd3 Rfc8 17. Qa3 e5 18. Bc3 Rxc3 19. bxc3 Bh6+ 20. Rd2 Rb8 21. Qb3 Qc7 22. Qc4 Qb6 0-1

[Event "HUN-chT2 Maroczy 0910"]
[Site "Hungary"]
[Date "2010.02.27"]
[Round "5"]
[White "Ban, Daniel Peter"]
[Black "Toviskes, Antal"]
[Result "0-1"]
[WhiteElo "1885"]
[BlackElo "2061"]
[PlyCount "72"]
[EventDate "2009.11.08"]
[EventType "team-tourn"]
[EventRounds "11"]
[EventCountry "HUN"]
[SourceTitle "EXT 2011"]
[Source "ChessBase"]
[SourceDate "2010.11.26"]
[SourceVersion "1"]
[SourceVersionDate "2010.11.26"]
[SourceQuality "1"]
[WhiteTeam "Nyiregyhaza"]
[BlackTeam "Hajduboszormeny"]
[WhiteTeamCountry "HUN"]
[BlackTeamCountry "HUN"]

1. e4 g6 2. d4 d6 3. Nc3 Bg7 4. Be3 a6 5. a4 b6 6. Bc4 Bb7 7. Nge2 Nd7 8. 0-0 c5 9. f3 e6 10. Qd2 Rc8 11. Bb3 h5 12. Rad1 c4 13. Ba2 Ne7 14. f4 Nf6 15. f5 exf5 16. exf5 Nxf5 17. Rxf5 gxf5 18. Bg5 Qd7 19. Ng3 h4 20. Re1+ Kf8 21. Nf1 Ne4 22. Nxe4 Bxe4 23. b3 b5 24. axb5 c3 25. Qf2 axb5 26. b4 Qa7 27. Bb3 Bxd4 28. Ne3 d5 29. Kf1 Rc6 30. Qf4 Bxe3 31. Rxe3 Re6 32. Bxd5 Bxd5 33. Rxe6 fxe6 34. Qd6+ Kg7 35. Qe5+ Kh7 36. Qe1 Bc4+ 0-1

[Event "HUN-chT2 Barcza 0910"]
[Site "Hungary"]
[Date "2010.02.14"]
[Round "6.5"]
[White "Hidegh, Gabor"]
[Black "Ban, Daniel Peter"]
[Result "0-1"]
[WhiteElo "2143"]
[BlackElo "1885"]
[PlyCount "115"]
[EventDate "2009.11.08"]
[EventType "team-tourn"]
[EventRounds "11"]
[EventCountry "HUN"]
[SourceTitle "EXT 2011"]
[Source "ChessBase"]
[SourceDate "2010.11.26"]
[SourceVersion "1"]
[SourceVersionDate "2010.11.26"]
[SourceQuality "1"]
[WhiteTeam "DEAC"]
[BlackTeam "Nyiregyhaza"]
[WhiteTeamCountry "HUN"]
[BlackTeamCountry "HUN"]

1. d4 Nf6 2. Nf3 g6 3. c4 Bg7 4. Nc3 0-0 5. e4 d6 6. Be2 e5 7. d5 a5 8. 0-0 Na6 9. h3 Nh5 10. Be3 Nf4 11. Qd2 f5 12. Bxf4 exf4 13. Qxf4 Nc5 14. e5 dxe5 15. Nxe5 Qe7 16. Nd3 Ne4 17. Nb5 Nd6 18. Rae1 g5 19. Qc1 Nxb5 20. cxb5 h6 21. Bd1 Qd6 22. Qc5 Bd7 23. a4 Rae8 24. Bh5 Re4 25. b3 Bd4 26. Qxd6 cxd6 27. Bf3 Ree8 28. Bh5 Re4 29. Bg6 Kg7 30. Rxe4 fxe4 31. Bxe4 Re8 32. Re1 Kf6 33. Kf1 Bf5 34. f3 Bd7 35. Rc1 Rc8 36. Ke2 Rxc1 37. Nxc1 h5 38. g4 h4 39. Kd3 Bb6 40. Kc4 Bc5 41. Nd3 Be3 42. b4 Bb6 43. Kb3 Bc8 44. bxa5 Bxa5 45. Nb2 Bb6 46. Nc4 Bc5 47. a5 Bd7 48. a6 bxa6 49. bxa6 Bb5 50. Nxd6 Bxa6 51. Nc4 Bb5 52. Bf5 Bxc4+ 53. Kxc4 Be3 54. d6 Kf7 55. Kb5 Ke8 56. Kc6 Kd8 57. Kd5 Bc1 58. Ke4 0-1

[Event "HUN-chT U18"]
[Site "Miskolc"]
[Date "2009.10.29"]
[Round "6.7"]
[White "Ban, Daniel Peter"]
[Black "Deak, Balint"]
[Result "1-0"]
[WhiteElo "1885"]
[BlackElo "1877"]
[PlyCount "65"]
[EventDate "2009.10.26"]
[EventType "team-swiss"]
[EventRounds "8"]
[EventCountry "HUN"]
[SourceTitle "EXT 2016"]
[Source "ChessBase"]
[SourceDate "2015.10.08"]
[SourceVersion "1"]
[SourceVersionDate "2015.10.08"]
[SourceQuality "1"]

1. e4 c5 2. Nf3 d6 3. d4 cxd4 4. Nxd4 Nf6 5. Nc3 g6 6. Be3 Bg7 7. f3 0-0 8. Qd2 Nc6 9. 0-0-0 a6 10. g4 Nxd4 11. Bxd4 Be6 12. Kb1 b5 13. h4 b4 14. Ne2 a5 15. Nf4 Bd7 16. g5 Nxe4 17. fxe4 e5 18. Nxg6 hxg6 19. Be3 Bg4 20. Be2 Bxe2 21. Qxe2 Qc7 22. h5 gxh5 23. Qxh5 f6 24. g6 Rfc8 25. Rd2 Kf8 26. Qh7 a4 27. Rf1 Qc4 28. Rff2 b3 29. Bh6 bxa2+ 30. Ka1 Bxh6 31. Rxf6+ Ke8 32. Rf7 Bf8 33. Qg8 1-0

[Event "HUN-ch U16"]
[Site "Balatonlelle"]
[Date "2009.07.03"]
[Round "7"]
[White "Bogar, Peter"]
[Black "Ban, Daniel Peter"]
[Result "0-1"]
[WhiteElo "2013"]
[BlackElo "1824"]
[PlyCount "86"]
[EventDate "2009.06.27"]
[EventType "swiss"]
[EventRounds "9"]
[EventCountry "HUN"]
[SourceTitle "EXT 2011"]
[Source "ChessBase"]
[SourceDate "2010.11.26"]
[SourceVersion "1"]
[SourceVersionDate "2010.11.26"]
[SourceQuality "1"]

1. e4 c5 2. Nf3 d6 3. d4 cxd4 4. Nxd4 Nf6 5. Nc3 g6 6. Be3 Bg7 7. f3 Nc6 8. Bc4 0-0 9. Qd2 Bd7 10. 0-0-0 Rc8 11. Bb3 Ne5 12. Kb1 a5 13. a4 Nc4 14. Bxc4 Rxc4 15. b3 Rc8 16. g4 Bxg4 17. fxg4 Nxg4 18. Ncb5 Nxe3 19. Qxe3 Rc5 20. Rd2 Qb6 21. Re2 Rfc8 22. Rg1 Qd8 23. Reg2 e6 24. Rf1 Qb6 25. Qf2 Rf8 26. Rd1 d5 27. exd5 Rxd5 28. Rd2 Rfd8 29. Nf3 Rxd2 30. Nxd2 Qc6 31. Rg1 Qd5 32. Rg2 Bh6 33. Kc1 Qe5 34. c3 Rxd2 35. Qxd2 Bxd2+ 36. Rxd2 f5 37. Kb2 f4 38. Nd4 Qf6 39. Nf3 e5 40. Re2 Qc6 41. Nxe5 f3 42. Rf2 Qe4 43. Nc4 Qe2+ 0-1

[Event "HUN-ch U16"]
[Site "Balatonlelle"]
[Date "2009.06.30"]
[Round "4"]
[White "Ban, Daniel Peter"]
[Black "Sipos, Gabor"]
[Result "1/2-1/2"]
[WhiteElo "1824"]
[BlackElo "2126"]
[PlyCount "62"]
[EventDate "2009.06.27"]
[EventType "swiss"]
[EventRounds "9"]
[EventCountry "HUN"]
[SourceTitle "EXT 2011"]
[Source "ChessBase"]
[SourceDate "2010.11.26"]
[SourceVersion "1"]
[SourceVersionDate "2010.11.26"]
[SourceQuality "1"]

1. e4 e5 2. Nf3 Nc6 3. Bb5 Nf6 4. 0-0 Nxe4 5. Re1 Nd6 6. Bxc6 dxc6 7. Nxe5 Be7 8. d4 0-0 9. Nc3 Nf5 10. Ne2 Bf6 11. Bf4 Re8 12. c3 Be6 13. Qc2 Nh4 14. Ng3 g5 15. Bd2 Bg7 16. f4 f6 17. Nf3 Qd5 18. Nxh4 gxh4 19. Nf1 a5 20. Ne3 Qd7 21. f5 Bf7 22. Ng4 h3 23. Bh6 Bh5 24. Bxg7 Qxg7 25. gxh3 Bxg4 26. hxg4 Qxg4+ 27. Qg2 Qxg2+ 28. Kxg2 Kf7 29. Kf3 b6 30. Rad1 Rad8 31. Rxe8 Rxe8 1/2-1/2